00535 2200169 4500001002100000005001500021035002000036007000300056008003900059082000700098084001300105100001800118245015900136260004600295650001000341990001400351INLIS00000000000988120260413022648 a0010-0426000218ta260413 | | |  a81 a81 DHA o0 aDHARMAWIRAWAN1 aOPTIMALISASI POTENSI WAJIB PAJAK DALAM MEMBAYAR PAJAK TERHADAP KENDARAAN BERMOTOR PADA UPT PPD SAMSAT SAMPIT KABUPATEN KOTAWARINGIN TIMUR /cDHARMAWIRAWAN aPALANGKA RAYA :bPERPUSTAKAAN UMPR,c2026 4aPAJAK a238101088